00814nam a2200217 i 45000010005000000030009000050050017000140070003000310080041000340200018000750800019000930800018001121000035001302450110001652500015002752600133002903000033004236500027004567100049004838520064005328334ES-MaACL20230906145433.0t|920505s1990 mx ||||1| spa d a968-36-1225-3 a711(462.131.6) a72(462.131.6)1 aMartín Hernández, Vicente.10aFragmentos de una historia sociourbanística de la ciudad de Salamanca / cVicente Martín Hernández. a[1ª ed.]. aMéxico : bUniversidad Nacional Autónoma de México, Facultad de Arquitectura, División de Estudios de Postgrado, c1990. aV, 273 p. : bil. ; c28 cm. 4aUrbanismo-zSalamanca.2 aUniversidad Nacional Autónoma de México. aES-MaACLjL-15660 bR.121498 q. - Ded. autógr. del autor